Gravitational lensing and microlensing / (Record no. 29833)

000 -LEADER
fixed length control field 00464 a2200157 4500
003 - CONTROL NUMBER IDENTIFIER
control field NUST
005 - DATE AND TIME OF LATEST TRANSACTION
control field 20180118123038.0
008 - FIXED-LENGTH DATA ELEMENTS--GENERAL INFORMATION
fixed length control field 180118b xxu||||| |||| 00| 0 eng d
020 ## - INTERNATIONAL STANDARD BOOK NUMBER
International Standard Book Number 9810248520
020 ## - INTERNATIONAL STANDARD BOOK NUMBER
International Standard Book Number 9789810248529
082 ## - DEWEY DECIMAL CLASSIFICATION NUMBER
Classification number 523.112
100 1# - MAIN ENTRY--PERSONAL NAME
Personal name Mollerach, Silvia.
9 (RLIN) 8723
245 10 - TITLE STATEMENT
Title Gravitational lensing and microlensing /
Statement of responsibility, etc. Silvia Mollerach, Esteban Roulet.
260 ## - PUBLICATION, DISTRIBUTION, ETC.
Place of publication, distribution, etc. [S.l.] :
Name of publisher, distributor, etc. World Scientific Publishing Company,
Date of publication, distribution, etc. 2002.
300 ## - PHYSICAL DESCRIPTION
Extent 204 p. ;
Dimensions 23 cm.
700 1# - ADDED ENTRY--PERSONAL NAME
Personal name Roulet, Esteban.
9 (RLIN) 8724
942 ## - ADDED ENTRY ELEMENTS (KOHA)
Institution code [OBSOLETE] SNS
Koha item type Book
Call number prefix 523.112 MOL
Source of classification or shelving scheme
Holdings
Withdrawn status Lost status Damaged status Not for loan Permanent Location Current Location Date acquired Total Checkouts Full call number Barcode Date last seen Date last checked out Price effective from Koha item type
        School of Natural Sciences (SNS) School of Natural Sciences (SNS) 05/26/2016 1 523.112 MOL SNS0001287 10/22/2025 10/08/2025 05/26/2016 Book
© 2023 Central Library, National University of Sciences and Technology. All Rights Reserved.